000
00283nam a2200109Ia 4500
008
200302s9999 xx 000 0 und d
100
_a
Sarah P. Harkness
245
_a
Building Without Barriers for the Disabled
260
_b
Whitney Library of Design
260
_c
1976
300
_a
79 P.,
999
_c
138
_d
138